Statistics for Random Harry Potter Trivia

Click here to take the quiz!

General Stats

  • This quiz has been taken 3 times
  • The average score is 7 of 15

Answer Stats

HintAnswer% Correct
What is Harry Potter's date of birth?31st of July 1980
100%
What shape does Hermione's Patronus take?An Otter
67%
What does the Hogwarts motto mean in English?Never Tickle A Sleeping Dragon
67%
What is the name of the pub in Hogsmeade where Dumbledore's Army meets?The Hog's Head
67%
What is the number of Harry's vault in Gringotts?713
33%
What animal does "Moody" turn Draco into briefly?A Ferret
33%
Who was Headmaster of Hogwarts prior to Dumbledore?Armando Dippet
33%
What Quidditch team does Ron support?Chudley Canons
33%
What town did Lily Evans and Severas Snape grow up in?Cokeworth (The same town the Dursley's hideout in briefly in the Philosopher's stone)
33%
What subject did Firenze teach in Hogwarts?Divination
33%
What is the Hogwarts motto?Draco Dormiens Nunquam Titillandus
33%
What are the names of Molly Weasley's brothers?Fabian and Gideon Prewett
33%
What is the name of Dumbledore's mother?Kendra
33%
Who becomes the Minister for Magic after the Battle of Hogwarts?Kingsley Shacklebolt
33%
What is the name of the dog Marge brings to the Dursley's house?Ripper
33%

Score Distribution

Percentile by Number Answered

Percent of People with Each Score

Your Score History

You have not taken this quiz